• 首页
  • 本馆介绍
  • 公告通知
  • 最新文献
  • 馆藏检索
  • 电子资源
  • 读者荐购
  • 参考咨询
  • CALIS
  • 我的图书馆
  • 登录
  • 详细信息显示
  • 放入我的书架
  • 预约/预借图书
  • 作者相关作品
  • 分类相关作品
  • 丛书相关作品
  • 出版社相关作品

书目信息

  • 表格格式
  • 工作单格式
  • 卡片格式
题名:
航空信
    
 
作者: 桑贝, 著 ;秋杉 译
分册:  
出版信息: 北京   中信出版社  2003.01
页数: 93页
开本: 19cm
丛书名: 法国绘本大师桑贝经典系列
单 册:
中图分类: J238.2
科图分类:
主题词: 漫画--man hua--法国--现代--画册
电子资源:
ISBN: 7-80073-627-X
 
 
 
 
 
000 01049nam 2200277 450
001 012008532377
005 20080318104332.70
010    @a7-80073-627-X@dCNY21.00
100    @a20080318d2003 km y0chiy0120 ea
101 1  @achi@cfre
102    @aCN@b110000
105    @aa t 000yy
106    @ar
200 1  @a航空信@Ahang kong xin@d= Par avion@f(法) 让-雅克·桑贝著@F(fa)rang-ya ke·sang bei zhu@g秋杉译@Gqiu shan yi@zfre
210    @a北京@c中信出版社@d2003.01
215    @a93页@c图@d19cm
225 2  @a法国绘本大师桑贝经典系列@Afa guo hui ben da shi sang bei jing dian xi lie
330    @a本书是法国漫画家桑贝的众多著名作品中的一部,这本书以时空寄情的简短信笺引出一段令人捧腹大笑的故事情节,从中读者可以慢慢想象法国人眼中的纽约人的形象样貌。
410  0 @12001 @a法国绘本大师桑贝经典系列
510 1  @aPar Avion@zfre
606 0  @a漫画@Aman hua@y法国@z现代@j画册
690    @aJ238.2@v4
701  1 @a桑贝,@Asang bei,@b让-雅克@4著
702  0 @a秋杉@Aqiu shan@4译
801  0 @aCN@bQSSK@c20080318
905    @b20287150-52@dJ238.2@eS031@f3
    
    航空信= Par avion/(法) 让-雅克·桑贝著/秋杉译.-北京:中信出版社,2003.01
    93页:图;19cm.-(法国绘本大师桑贝经典系列)
    
    
    ISBN 7-80073-627-X:CNY21.00
    本书是法国漫画家桑贝的众多著名作品中的一部,这本书以时空寄情的简短信笺引出一段令人捧腹大笑的故事情节,从中读者可以慢慢想象法国人眼中的纽约人的形象样貌。
●
相关链接 在E读中查询图书 在当当中查询图书 在豆瓣中查询图书


正题名:航空信     索取号:J238.2/S031         预约/预借

序号 登录号 条形码 馆藏地/架位号 状态 备注
1 287150   202871507   社科库309/309社科库 78排3列4层/ [索取号:J238.2/S031] 在馆    
2 287151   202871516   社科库309/309社科库 78排3列4层/ [索取号:J238.2/S031] 在馆    
3 287152   202871525   社科库309/309社科库 78排3列4层/ [索取号:J238.2/S031] 在馆    
河南城建学院图书馆 欢迎您!
大连网信软件有限公司© 版权所有